Английский язык для студентов машиностроительных специальностей: учебник для вузов
| מחבר ראשי: | |
|---|---|
| מחברים אחרים: | |
| סיכום: | Победитель 3 Всероссийского конкурса "Лучший учебник по иностранному языку для неязыковых вузов". Учебник — комплексный и рассчитан на I—II этапы обучения. Он включает восемь основных разделов, построенных по единому принципу, дополнительные тексты для самостоятельных занятий, тесты и словарь. Тематика включенных в учебник текстов соответствует реально существующим направлениям подготовки специалистов машиностроительного профиля. |
| שפה: | רוסית אנגלית |
| יצא לאור: |
Москва, Астрель, 2007
|
| מהדורה: | 3-е изд., испр. и доп. |
| נושאים: | |
| פורמט: | ספר |
| KOHA link: | https://koha.lib.tpu.ru/cgi-bin/koha/opac-detail.pl?biblionumber=186964 |
MARC
| LEADER | 00000nam0a2200000 4500 | ||
|---|---|---|---|
| 001 | 186964 | ||
| 005 | 20231101224028.0 | ||
| 010 | |a 9785271124327 | ||
| 010 | |a 978-5-17-032922-9 | ||
| 035 | |a (RuTPU)RU\TPU\book\202866 | ||
| 090 | |a 186964 | ||
| 100 | |a 20101108d2007 m y0rusy50 ca | ||
| 101 | 0 | |a rus |a eng | |
| 102 | |a RU | ||
| 105 | |a a j 001zy | ||
| 200 | 1 | |a Английский язык для студентов машиностроительных специальностей |e учебник для вузов |f В. Н. Бгашев, Е. Ю. Долматовская | |
| 205 | |a 3-е изд., испр. и доп. | ||
| 210 | |a Москва |c Астрель |c АСТ |d 2007 | ||
| 215 | |a 381 с. |c ил. | ||
| 300 | |a Победитель 3 Всероссийского конкурса "Лучший учебник по иностранному языку для неязыковых вузов". | ||
| 320 | |a Словари: с. 318-367. | ||
| 330 | |a Учебник — комплексный и рассчитан на I—II этапы обучения. Он включает восемь основных разделов, построенных по единому принципу, дополнительные тексты для самостоятельных занятий, тесты и словарь. Тематика включенных в учебник текстов соответствует реально существующим направлениям подготовки специалистов машиностроительного профиля. | ||
| 606 | 1 | |a Английский язык |x Учебные руководства и пособия |x Учебные руководства и пособия для высшей школы |2 stltpush |3 (RuTPU)RU\TPU\subj\29071 |9 52483 | |
| 610 | 1 | |a лексика | |
| 610 | 1 | |a грамматика | |
| 610 | 1 | |a разговорная речь | |
| 610 | 1 | |a машиностроение | |
| 610 | 1 | |a машиностроительные технологии | |
| 610 | 1 | |a тексты | |
| 610 | 1 | |a упражнения | |
| 686 | |a Ш143.21-923 |v LBC/SL-A |2 rubbk | ||
| 700 | 1 | |a Бгашев |b В. Н. |g Валерий Николаевич | |
| 701 | 1 | |a Долматовская |b Е. Ю. |g Елена Юрьевна | |
| 801 | 1 | |a RU |b 63413507 |c 20101108 | |
| 801 | 2 | |a RU |b 63413507 |c 20230322 |g RCR | |
| 900 | |a Английский язык | ||
| 942 | |c BK | ||
| 951 | |b 150700 | ||
| 959 | |a 81/20101108 |d 11 |e 0 |f ЧЗИЛ:1 |f ЯЦ_ЭЛТИ:10 | ||